000 02210nam a2200421 c 4500
003 BLK
005 20250131092004.0
008 180409b bul|||||r ||||||| ||bul||
010 _aKNG00136568000
020 _a978-954-685-711-8
_bиздат.: СофтПрес
040 _aBLK
041 _aBUL
_cBUL
072 7 _2bullib
_aН00
_xОбщ отдел Н
080 _aРазпространяване на научните знания - популяризиране на науката, занимателна наука, учение за явленията научно необяснени, заблуждения и фалшификации, илюзии и др. п., секретност на научните знания
_b001.9
_x(470)(02.062)
_z001.9(470)(02.062)
080 _aФилософски мистицизъм. Ранни езотерични школи. Кабала. Теософия. Антропософия. Суфизъм. Еклектизъм. Синкретизъм. Херметизъм. Розенкройцерство. Др. школи
_b141.33
_x(02.062)
_z141.33(02.062)
100 1 _aОбразцов, Пьотър Алексеевич
_eпърви автор
_9322388
700 1 _aСгурова, Лидия
_eпрев.
_9119311
139 _aОбразцов, Пьотър Алексеевич
_bО 17
245 1 0 _aИстината за Шамбала
_cПьотър Алексеевич Образцов; прев. Лидия Сгурова.
257 _aRUS
260 София
_bСофтПрес
_c2012
_fСофия : ФолиАрт
300 _a319 с.
_c21 см
380 _a0
500 _aОриг. загл. Азбука шамбалоидов / Петр Образцов.
650 4 _aПсевдонаука
_9168262
650 4 _aНаука и окултизъм
_9270280
650 4 _aТеософия
_9173509
653 _aастрология
653 _aясновидство
653 _aпсевдонаука
659 _aН
852 _aЦб 257185
856 4 _qpdf
_u
856 4 _qpdf
_u
942 _cKNG
_n0
_012
944 _aCR
_c18.10.2012
_k30576
_lЦветомила Тодорова
944 _aED
_c21.01.2013
_k
999 _c130778
_d130778